Studia Iuridica Cassoviensia elektronický vedecký časopis
Pôvodné vedecké články a štúdie tematicky zamerané na rôzne právne vedy, ktoré zároveň v menšom rozsahu prinášajú aj diskusné príspevky, prehľad judikatúry, recenzie odborných/vedeckých publikácií a informácie z vedeckého života.
Salvato in:
| Natura: | Periodico |
|---|---|
| Lingua: | slovacco ceco inglese |
| Pubblicazione: |
Košice
Univerzita Pavla Jozefa Šafárika v Košiciach
|
| Soggetti: | |
| Tags: |
Nessun Tag, puoi essere il primo ad aggiungerne!!
|
MARC
| LEADER | 00000nls a2200000 4500 | ||
|---|---|---|---|
| 001 | 0236127 | ||
| 005 | 20260204142722.1 | ||
| 022 | |a 1339-3995 | ||
| 041 | 0 | |a slo | |
| 041 | 0 | |a cze | |
| 041 | 0 | |a eng | |
| 044 | |a SK | ||
| 245 | 1 | 0 | |a Studia Iuridica Cassoviensia |b elektronický vedecký časopis |
| 264 | 1 | |a Košice |b Univerzita Pavla Jozefa Šafárika v Košiciach | |
| 520 | |a Pôvodné vedecké články a štúdie tematicky zamerané na rôzne právne vedy, ktoré zároveň v menšom rozsahu prinášajú aj diskusné príspevky, prehľad judikatúry, recenzie odborných/vedeckých publikácií a informácie z vedeckého života. | ||
| 610 | 2 | 0 | |a právo |
| 610 | 2 | 0 | |a veda |
| 610 | 2 | 0 | |a právo európske |
| 610 | 2 | 0 | |a poriadok právny |
| 610 | 2 | 0 | |a úpravy právne |